000 00693nam a2200289Ia 4500
005 20260324135508.0
008 008 260324s9999 xx 000 0 eng d
020 _a9781315432977
037 _aEBOOK
040 _aCRL
040 _beng
040 _cCRL
041 _2eng
041 _aeng
084 _qCRL
100 _aNick Merriman
_91150319
245 0 _aBeyond the Glass Case
245 4 _bThe Past, the Heritage and the Public, Second Edition
260 _bTaylor and Francis
260 _c2000
365 _a
365 _b300
856 _uhttp://www.taylorfrancis.com/books/9781315432977
942 _cEBOOK
999 _c1801926
_d1801926